000 00296nam a2200133Ia 4500
008 221030s9999 xx 000 0 und d
041 _aEnglish
082 _a105.23
100 _aV. C. Hamacher
245 0 _aComputer Organation
_cby V. C. Hamacher
260 _c0
650 _aB
942 _cBK
999 _c12614
_d12614